An introduction to mechanics (Record no. 3794)

MARC details
000 -LEADER
fixed length control field 00727cam a2200253 4500
001 - CONTROL NUMBER
control field 3605460
003 - CONTROL NUMBER IDENTIFIER
control field OSt
005 - DATE AND TIME OF LATEST TRANSACTION
control field 20160426184125.0
008 - FIXED-LENGTH DATA ELEMENTS--GENERAL INFORMATION
fixed length control field 721110s1973 nyua 001 0 eng
010 ## - LIBRARY OF CONGRESS CONTROL NUMBER
LC control number 72011770
020 ## - INTERNATIONAL STANDARD BOOK NUMBER
International Standard Book Number 0070350485
040 ## - CATALOGING SOURCE
Original cataloging agency DLC
Transcribing agency DLC
Modifying agency DLC
050 00 - LIBRARY OF CONGRESS CALL NUMBER
Classification number QA805
Item number .K62
082 00 - DEWEY DECIMAL CLASSIFICATION NUMBER
Classification number 531
Item number KLE 1978
100 1# - MAIN ENTRY--PERSONAL NAME
Personal name Kleppner, Daniel.
9 (RLIN) 8337
245 13 - TITLE STATEMENT
Title An introduction to mechanics
Statement of responsibility, etc. Daniel Kleppner , Robert J. Kolenkow.
260 ## - PUBLICATION, DISTRIBUTION, ETC. (IMPRINT)
Place of publication, distribution, etc. New York,
Name of publisher, distributor, etc. McGraw-Hill
Date of publication, distribution, etc. 1973
300 ## - PHYSICAL DESCRIPTION
Extent xxii, 546 p.
Other physical details illus.
Dimensions 25 cm.
350 ## - PRICE (NR) (BK AM CF MU VM SE) [OBSOLETE]
Price $11.95
650 #0 - SUBJECT ADDED ENTRY--TOPICAL TERM
Topical term or geographic name as entry element Mechanics.
9 (RLIN) 819
700 1# - ADDED ENTRY--PERSONAL NAME
Personal name Kolenkow, Robert J.,
Relator term joint author.
9 (RLIN) 8338
906 ## - LOCAL DATA ELEMENT F, LDF (RLIN)
a 7
b cbc
c orignew
d 1
e ocip
f 19
g y-gencatlg
942 ## - ADDED ENTRY ELEMENTS (KOHA)
Source of classification or shelving scheme Dewey Decimal Classification
Koha item type Short Loan
Holdings
Withdrawn status Lost status Source of classification or shelving scheme Damaged status Not for loan Home library Current library Date acquired Inventory number Total Checkouts Full call number Barcode Date last seen Price effective from Koha item type Source of acquisition
    Dewey Decimal Classification     MUST Main Library MUST Main Library 26/04/2016 2001/15768   531 KLE 1978 2016-1431 26/04/2016 26/04/2016 Short Loan  
    Dewey Decimal Classification     MUST Main Library MUST Main Library 26/04/2016 2001/15769   531 KLE 1978 2016-1432 26/04/2016 26/04/2016 Short Loan  
    Dewey Decimal Classification     MUST Main Library MUST Main Library 19/06/2024 121/36850   531 KLE 1978 2024-20884 19/06/2024 19/06/2024 Open Shelf Purchase